00317nam a2200109Ia 45000010005000000080041000050200022000460820023000681000032000912450059001232600025001824200241024s9999 xx 000 0 und d a978-9945-074-64-2 aRD/972.93053/R696c aAlonso Rodríguez Demorizi 0aDrama de Trujillo, Cronología comentada nueva canosa bEditora Búhoc2012